00579nam a22002177a 450000500170000001000130001702000210003003500130005103700160006404000120008008200150009210000180010724500770012524600060020226000470020827000390025530000200029450000200031465000130033465000140034720170124110000.0 aA-896360 c00.00a817018856 aA-896360 bCen Lib/Ret aDPLbEN a362.5bARO aArokiasamy P. aPoverty, nutrition and fertility /cby Dev Raj Choudhary bmicro study / b  bB.R. publishing corporation a Delhic1997 b DelhiaNear bharat nagar e110052 a322p.c20cm(Hb) aIncludes index  aPoverty  aFertility